Les artistes francophones issus d'un télécrochet - Statistiques

Statistiques générales
  • Ce quiz a été pris 56 fois
  • Le résultat moyen est 16 sur 21
Answers on the Grid
Answers color-coded by a green-red scale on the quiz's grid according to % correct below.
Elodie Frégé
Louane
L5
Olivia Ruiz
Nolwenn Leroy
Claudio Capéo
Vanessa Paradis
Pierre Garnier
Chimène Badi
Zaho de Sagazan
Eddy de Pretto
Grégory Lemarchal
Mosimann
Amir
Kendji Girac
Vianney
Tété
Mentissa
Jérémy Frérot
Julien Doré
Disiz
Julie Zenatti
Christophe Willem
Marguerite
Héléna
Slimane
Amel Bent
Zaz
Hoshi
Jenifer
 
Statistiques - réponses
Réponse % Correct
Nolwenn Leroy
98%
Grégory Lemarchal
89%
Pierre Garnier
89%
Claudio Capéo
87%
Elodie Frégé
87%
Kendji Girac
87%
Louane
84%
Olivia Ruiz
84%
Jenifer
82%
Amir
80%
Mosimann
78%
Slimane
78%
Héléna
76%
Julien Doré
76%
Christophe Willem
71%
Marguerite
71%
Amel Bent
69%
Mentissa
69%
Jérémy Frérot
67%
Chimène Badi
60%
L5
56%
Aucun quiz correspondant
Distribution des résultats
% des personnes avec chaque résultat
Percentile par nombre de réponses
Votre historique - résultats
Vous n’avez pas pris ce quiz